|
|
|
|
| LEADER |
00897nam a2200253 a 4500 |
| 001 |
c000164961 |
| 003 |
CARM |
| 005 |
19891106000000.0 |
| 008 |
811106m19639999 ua 000 0 eng d |
| 019 |
1 |
|
|a 2689032
|z 42720961
|z 28480104
|5 LACONCORD2021
|
| 035 |
|
|
|a (OCoLC)335284
|5 LACONCORD2021
|
| 040 |
|
|
|a QUT
|b eng
|c QUT
|d ABN-SNR
|
| 082 |
0 |
4 |
|a 657.45
|
| 100 |
1 |
|
|a Arkin, Herbert,
|d 1906-
|
| 245 |
1 |
0 |
|a Handbook of sampling for auditing and accounting /
|c H. Arkin.
|
| 260 |
|
|
|a New York :
|b McGraw-Hill,
|c 1963-.
|
| 300 |
|
|
|a v. :
|b ill. ;
|c 22 cm.
|
| 500 |
|
|
|a v. 1. Methods.
|
| 650 |
|
0 |
|a Sampling (Statistics)
|
| 650 |
|
0 |
|a Accounting.
|
| 650 |
|
0 |
|a Auditing.
|
| 852 |
8 |
|
|b CARM
|h A2:AJ16A0
|i B05172
|p 0216748
|f BK
|
| 999 |
f |
f |
|i c2a6bec3-c66d-58ce-b05b-ec022ce0fad7
|s 6b55304d-8846-5e23-8860-317d11fd96f0
|
| 952 |
f |
f |
|p Can circulate
|a CAVAL
|b CAVAL
|c CAVAL
|d CARM 1 Store
|e B05172
|f A2:AJ16A0
|h Other scheme
|i book
|m 0216748
|